01040 2200349 4500001002100000005001700021008004100038020002200079035002400101040001200125082001500137084001700152100001900169245014900188250001100337260002600348300003200374500005500406650002300461700002400484850001200508990001700520990001700537990001700554990001700571990001700588990001700605990001700622990001700639990001700656990001700673INLIS00000000002182220160805102656.0  a978-602-1637-89-0 0010-081600000000179 aYOPDYOG 223a613.28 a613.28 Shi R aSHINYA, HIROMI aRevolusi makanb: 6 langkah program-30-hari untuk sehat, langsing, dan bugar ala Hiromi Shinyac/ Hiromi Shinya; penerjemah, Dian Kusuma Wardani aCet. 1 aBandungbQanitac2016 a159 hlm.b: ilus.c; 19 cm. aJudul asli : 30 Nichikan De Cho Kara Bijin Ni Naru aDiet Rendah Kalori aDian Kusuma Wardani aYOPDYOG a9259-KS/B.16 a9260-KS/B.16 a9261-KS/B.16 a9262-KS/B.16 a9263-KS/B.16 a9264-KS/B.16 a9265-KS/B.16 a9266-KS/B.16 a9267-KS/B.16 a9268-KS/B.16